000 00900nam a22002897a 4500
003 AR-RoUNA
005 20241209182249.0
008 241209b |||||||| |||| 00| 0 spa d
020 _a9789875229716 (coleccion completa)
020 _a9789875229747 (tomo 3)
040 _aAR-RoUNA
_bspa
_dAR-RoUNA
041 _aspa
_hspa
044 _aag
245 1 _aMuseo del Prado :
_bMadrid /
_c dirigido por Carlos Alberto Campos Salva
_n T.3
250 _a1a. ed.
260 _aBuenos Aires :
_bVisor,
_c2011
300 _a96 p.:
_bfot. col.
_c25x17 cm
490 _aLos grandes museos de Europa
_vv. 3
650 4 _aMuseos de Arte
650 4 _aGalerias de Arte
_vEsculturas
_vPinturas
700 1 _aCampos Salva, Carlos Alberto
_edrt
_926825
908 _aImp
930 _e12137
942 _2ddc
_cLIB
945 _aMIA
_d2024-12-09
980 _61
_aMaricel Allasia
_81
_gMaricel Allasia
999 _c11721
_d11721